One Piece - Lettre O - Statistiques

Statistiques générales
  • Ce quiz a été pris 84 fois
  • Le résultat moyen est 10 sur 15
Statistiques - réponses
Indice Réponse % Correct
trésor ultime de One Piece One Piece
99%
Race très puissante appelé aussi "Démon" Oni
94%
Shogun légitime de Wano, étant victime d'une ruse d'Orochi Oden
93%
Île de Wano ou siège Kaido, justement pour son austérité Onigashima
93%
Royaume de l'archéologie, il fut détruit par le Buster call Ohara
92%
Fils de Big Mom ayant comme pouvoir de se chauffer se qu'il touche Oven
87%
Femme décédé du roi Neptune, se battant pour vivre avec les humains Otohime
85%
Homme poisson membres des pirates du soleil, puis de l'équipage d'Arlong Octo
76%
Lieu du première affrontement entre Baggy et Luffy Orange Town
76%
Type de fluide qui permet de se recouvrir d'un armure invisible Offensif
66%
Prélas d'Ener se battant avec un chien qui obéit à tous le monde Ohm
48%
Capitaine de la septième flotte de l'armada au chapeau de paille Orlumbus
46%
Nom de l'épreuve que faisais subir les prélas à quoiqu'onques s'approchait d'Upper Yard Ordalie
41%
Komagitsune possédant le Zoan mythique du grand moine, compagnon de Kawamatsu Onimaru
35%
Personne travesti vivant sur l'île de kedétrav, ayant entraîner Sanji pendant 2 ans Okamas
13%
Aucun quiz correspondant
Distribution des résultats
% des personnes avec chaque résultat
Percentile par nombre de réponses
Votre historique - résultats
Vous n’avez pas pris ce quiz